000 00601nam a22002297a 4500
003 UA-OsUOA
001 79530
007 ta
008 20111111b un ||||| |||| 00| 0 ukr d
100 _aХижняк А.
090 _a821.161.2
_bХ43
942 _cBK
040 _aUA-OsUOA
_bukr
_cUA-OsUOA
_dUA-OsUOA
245 _aДанило Галицький
_bроман
300 _a559 с.
955 _a3
041 _aukr
080 _a821.161.2
260 _aЛьвів
_bКаменяр
_c1975
650 7 _a82 Література. Літературознавство
_2UDC
999 _c365851
_d365851